00368nam a2200157Ia 45000010006000000050017000060080041000230410008000640820015000721000024000872450052001112600009001633000022001726500008001946540008002021733520260306171510.0260306s9999||||xx |||||||||||||| ||und|| aESP a657.7bJ72 aJones, Kumen HeAUT 0aIntroducción a la contabilidad administrativa c2001 a455 páginas :c aGEN aCCO